000 00234nam a2200109Ia 4500
005 20260328104259.0
008 260328s9999||||xx |||||||||||||| ||und||
245 0 _aNouveaux /
260 _bRoche Bobois
650 _aSofa
942 _cBK
999 _c10552
_d10552